00455nam a22001337a 4500003000700000005001700007008004100024082002900065100007700094245004600171260007000217300000800287650002600295MPLRDC20220104144456.0210129b ||||| |||| 00| 0 eng d a051.4 K1KC v.24 1980 c.2 a吉隆坡坤成女子中学高中第二十四届毕业刊编辑委员会 a坤成第二十四届高中毕业特刊c ab吉陂坡坤成女子中学高中第二十四届毕业班c1980 b精 a学术纪要、学刊